Catálogo público

Fenómenos de transporte : un estudio sistemático de los fundamentos del transporte de una materia, energía y cantidad de movimiento / (Record no. 172016)

MARC details
000 -CABECERA
campo de control de longitud fija 01119nam a2200313Ia 4500
001 - NÚMERO DE CONTROL
campo de control dia_1475
003 - IDENTIFICADOR DEL NÚMERO DE CONTROL
campo de control CHAP
005 - FECHA Y HORA DE LA ÚLTIMA TRANSACCIÓN
campo de control 20251023162755.0
008 - DATOS DE LONGITUD FIJA--INFORMACIÓN GENERAL
campo de control de longitud fija 220117s1987 xx 000 0 und d
010 ## - NÚMERO DE CONTROL DE LA BIBLIOTECA DEL CONGRESO
Número de control de LC 172016
020 ## - NÚMERO INTERNACIONAL ESTÁNDAR DEL LIBRO
Número Internacional Estándar del Libro 968-6165-02-9
040 ## - FUENTE DE LA CATALOGACIÓN
Centro/agencia transcriptor CHAP
082 ## - NÚMERO DE LA CLASIFICACIÓN DECIMAL DEWEY
Número de clasificación 621.01 B57 1987
100 ## - ENTRADA PRINCIPAL--NOMBRE DE PERSONA
Nombre de persona Bird, R. Byron
9 (RLIN) 12912
245 ## - MENCIÓN DE TÍTULO
Título Fenómenos de transporte : un estudio sistemático de los fundamentos del transporte de una materia, energía y cantidad de movimiento /
Mención de responsabilidad, etc. R. Byron Bird, Warren E. Stewart y Edwin N. Lightfood ; traducción Fidel Mato Vázquez
260 ## - PUBLICACIÓN, DISTRIBUCIÓN, ETC.
Lugar de publicación, distribución, etc. México :
Nombre del editor, distribuidor, etc. Repla,
Fecha de publicación, distribución, etc. 1987
300 ## - DESCRIPCIÓN FÍSICA
Extensión 1 v. (en varias paginaciones)
500 ## - NOTA GENERAL
Nota general Título original: Transport phenomena
503 ## - NOTA DE HISTORIA BIBLIOGRÁFICA (BK CF MU) [OBSOLETO]
Nota de historia bibliográfica C/e
650 ## - PUNTO DE ACCESO ADICIONAL DE MATERIA--TÉRMINO DE MATERIA
Término de materia o nombre geográfico como elemento de entrada Dinámica de fluidos
9 (RLIN) 32627
650 ## - PUNTO DE ACCESO ADICIONAL DE MATERIA--TÉRMINO DE MATERIA
Término de materia o nombre geográfico como elemento de entrada Termodinámica
9 (RLIN) 112366
700 ## - PUNTO DE ACCESO ADICIONAL--NOMBRE DE PERSONA
Nombre de persona Lightfood, Edwin N., coaut.
9 (RLIN) 150838
700 ## - PUNTO DE ACCESO ADICIONAL--NOMBRE DE PERSONA
Nombre de persona Mato Vázquez, Fidel, tr.
9 (RLIN) 150839
700 ## - PUNTO DE ACCESO ADICIONAL--NOMBRE DE PERSONA
Nombre de persona Stewart, Warren E., coaut.
9 (RLIN) 150840
901 ## - ELEMENTOS DE DATOS A LOCAL LDA (RLIN)
a 621.01 B57 1987
902 ## - ELEMENTOS DE DATOS B LOCAL, LDB (RLIN)
a M
905 ## - ELEMENTOS DE DATOS E LOCAL, LDE (RLIN)
a 5232271987 mx amn 8222223322spa16
942 ## - ELEMENTOS DE PUNTO DE ACCESO ADICIONAL (KOHA)
Tipo de ítem Koha Libro
Fuente del sistema de clasificación o colocación Dewey Decimal Classification
Holdings
Estado de retiro Estado de pérdida Fuente del sistema de clasificación o colocación Estado dañado No para préstamo Código de colección Localización permanente Ubicación/localización actual Ubicación en estantería Fecha de adquisición Información codificada de la localización en otra ubicación Total de préstamos Código de barras Fecha visto por última vez Fecha del último préstamo Número de copia Precio válido a partir de Tipo de ítem Koha Restricciones de uso Fuente de adquisición Coste, precio normal de compra Número de inventario Signatura topográfica completa
    Dewey Decimal Classification     General Ingenieria Agroindustrial Ingenieria Agroindustrial   18/01/2022 1 3 dia_005529 25/10/2024 25/10/2024 3 18/01/2022 Libro          
    Dewey Decimal Classification     General Ingenieria Agroindustrial Ingenieria Agroindustrial   18/01/2022     dia_003127 18/01/2022   1   Libro Préstamo interno Compra Librería Gaona F. 1916 / R. (05/10/1989) 25317.00 C/e 621.01 B57 1987
    Dewey Decimal Classification     General Ingenieria Agroindustrial Ingenieria Agroindustrial   18/01/2022   2 dia_003128 10/10/2024 10/10/2024 2   Libro Préstamo 5 días Compra Librería Gaona F. 1746 / R. (20/03/1990) 25317.00 C/e 621.01 B57 1987